Aidan Quiz Stats

 Plays Quiz not verified by Sporcle

Score 0/10 Timer 05:00
0 Plays Today
questions answers % Correct
2night
83.9%
6philadelphia
74.2%
5the office
58.1%
7step brothers
41.9%
1jew
38.7%
34
38.7%
4interlaken
35.5%
1016:48
35.5%
9bernard lagat
29%
8croissant
19.4%

You're not logged in!

Compare scores with friends on all Sporcle quizzes.
OR
Log In

Show Comments

Extras

Created Nov 14, 2010ReportNominate

Top Quizzes Today


Score Distribution

Your Account Isn't Verified!

In order to create a playlist on Sporcle, you need to verify the email address you used during registration. Go to your Sporcle Settings to finish the process.

Report this User

Report this user for behavior that violates our Community Guidelines.

Details: